Projektové riadenie
Projekt, životný cyklus projektu. Projektový manažment, projektový tím, projektový manažér. Zavedenie funkcie projektového manažéra a jeho vplyv na efektivitu podniku.
Enregistré dans:
| Auteur principal: | |
|---|---|
| Format: | Chapitre de livre |
| Langue: | slovaque |
| Sujets: | |
| Tags: |
Pas de tags, Soyez le premier à ajouter un tag!
|
MARC
| LEADER | 00000naa a2200000 4500 | ||
|---|---|---|---|
| 001 | 0158409 | ||
| 005 | 20231120125720.3 | ||
| 041 | 0 | |a slo | |
| 044 | |a SK | ||
| 245 | 1 | 0 | |a Projektové riadenie |c Oľga Poniščiaková |
| 520 | |a Projekt, životný cyklus projektu. Projektový manažment, projektový tím, projektový manažér. Zavedenie funkcie projektového manažéra a jeho vplyv na efektivitu podniku. | ||
| 610 | 2 | 0 | |a projekty |
| 610 | 2 | 0 | |a manažment |
| 610 | 2 | 0 | |a manažéri |
| 100 | 1 | |a Poniščiaková, Oľga | |